00676cam a2200193u 450000100100000000500170001000800410002704000250006808200150009324500430010826000450015130000220019650000420021850000210026050000410028165000210032295201240034399900150046700000140220200929145552.0860227q19uu cu a 001 0 spa d aDO-SdBNPbspacBNPHU axxxbM311m04aLas maravillas del mundo y del hombre. aLa Habana :bGonzález Porto,c[190-?]. av :bil ;c28 cm. aLa biblioteca posee el tomo de Europa aIncluye índice aIncluye nota al pie de las páginas 0aGeography.94696 001053728MOaGRbGRcHDd2009-09-22iLF1l0oxxx M311mp1402-10r2020-06-25te. 1w2020-06-25y2ZPréstamo interno c1323d1323